Jobs, Commute and Public Services in Bengaluru: (Record no. 192720)

MARC details
000 -LEADER
fixed length control field 00865nam a22002297a 4500
005 - DATE AND TIME OF LATEST TRANSACTION
control field 20220930125406.0
010 ## - LCCN (DPL NO)
LC control number ENG-135271
020 ## - INTERNATIONAL STANDARD BOOK NUMBER
Terms of availability 120.00
International Standard Book Number 8177911503
035 ## - SYSTEM CONTROL NUMBER
System control number EN-118803
037 ## - SOURCE OF ACQUISITION
Source of stock number/acquisition DBAD/PUB
082 ## - DEWEY DECIMAL CLASSIFICATION NUMBER
Classification number 301.24
100 ## - MAIN ENTRY--PERSONAL NAME
Personal name Sridhar, Kala Seetharam
245 ## - TITLE STATEMENT
Title Jobs, Commute and Public Services in Bengaluru:
Remainder of title A Pilot Study from Nagarabhavi/
Statement of responsibility, etc Kala Seetharam Sridhar, S Manasi [and] K C Smitha
260 ## - PUBLICATION, DISTRIBUTION, ETC. (IMPRINT)
Place of publication, distribution, etc Bangalore
Name of publisher, distributor, etc Institute For Social And Economic Change
Date of publication, distribution, etc 2017
270 ## - ADDRESS
Address Dr VKRV Rao Road, Nagarabhavi P.O.
City Bangalore
Postal code 560072
Telephone number 23215468
Electronic mail address admn@isec.ac.in
300 ## - PHYSICAL DESCRIPTION
Extent x,96p.
Dimensions 24cm(pbk)
Other physical details References
490 ## - SERIES STATEMENT
Series statement Social And Economic Change Monographs
Volume number/sequential designation 51
500 ## - GENERAL NOTE
General note Associate Editor of series is E Vishnuvardhan Reddy.
700 ## - ADDED ENTRY--PERSONAL NAME
Personal name Manasi,S
700 ## - ADDED ENTRY--PERSONAL NAME
Personal name Smitha, K C
942 ## - ADDED ENTRY ELEMENTS (KOHA)
Source of classification or shelving scheme Dewey Decimal Classification
Item type English Books
Classification part 301.24
Call number suffix SRI
Holdings
Withdrawn status Lost status Not for loan Collection code Home library Current library Date acquired Source of acquisition Cost, normal purchase price Full call number Barcode Copy number Cost, replacement price Koha item type
      Non-fiction Katevara Katevara 30/09/2022 DBAD/PUB 120.00 301.24 SRI EN-118803 1 120.00 English Books

© Delhi Public Library
Hit Counter
free hit counter